| Tag |
First Indicator |
Second Indicator |
Subfields |
| LEADER |
00000cam a22000001 4500 |
| 001 |
in00000055949 |
| 005 |
20151008052334.0 |
| 008 |
790718s1932 mdu 00010 eng |
| 010 |
|
|
|a 33001233
|
| 035 |
|
|
|a (OCoLC)00918905
|
| 035 |
|
|
|9 AAH2900AM
|
| 040 |
|
|
|a DLC
|c DLC
|d TXA
|d UtOrBLW
|
| 049 |
|
|
|a TXAM
|c [96432]
|
| 050 |
0 |
0 |
|a JX4263.P7
|b D8
|
| 082 |
0 |
|
|a 341.5
|
| 090 |
|
|
|a K4535.A9
|b .D86 1932
|
| 092 |
|
|
|a 341.5
|b D923p
|
| 100 |
1 |
|
|a Dunn, Frederick Sherwood,
|d 1893-1962.
|
| 245 |
1 |
4 |
|a The protection of nationals ;
|b a study in the application of international law /
|c [by] Frederick Sherwood Dunn ...
|
| 264 |
|
1 |
|a Baltimore :
|b The Johns Hopkins press,
|c 1932.
|
| 300 |
|
|
|a x pages, 1 leaf :
|b 228 pages ;
|c 24 cm.
|
| 336 |
|
|
|a text
|b txt
|2 rdacontent
|
| 337 |
|
|
|a unmediated
|b n
|2 rdamedia
|
| 338 |
|
|
|a sheet
|b nb
|2 rdacarrier
|
| 500 |
|
|
|a At head of title: The Walter Hines Page school of international relations, the Johns Hopkins university.
|
| 650 |
|
0 |
|a International law.
|
| 650 |
|
0 |
|a Aliens.
|
| 650 |
|
0 |
|a Diplomatic and consular service.
|
| 650 |
|
0 |
|a Consular jurisdiction.
|
| 650 |
|
0 |
|a Damages.
|
| 710 |
2 |
|
|a Walter Hines Page School of International Relations.
|
| 999 |
|
|
|a MARS
|
| 999 |
f |
f |
|s 7a5617bc-19c0-3695-a344-89d47b86fa63
|i 95e9a9a9-9492-369c-9852-281fb31739b9
|t 0
|
| 952 |
f |
f |
|p ric
|a Texas A&M University
|b Rellis Campus
|c Joint Library Facility
|d Remote Storage
|t 0
|e K4535.A9 .D86 1932
|h Library of Congress classification
|i unmediated -- sheet
|m A14800784740
|
| 998 |
f |
f |
|a K4535.A9 .D86 1932
|t 0
|l Remote Storage
|